00846nam a2200217 a 450000100100000000500170001000800410002702000180006804000250008610000440011124500430015526000570019830000280025549000650028349000350034883000720038383000420045504900090049795201050050699900170061100003408420200930070747.0110914s2006 ag 000 0 spa d a9789505564828 aDO-SdBNPbspacBNPHU1 aPuiggrós, Rodolfo,d1906-1980.93170213aEl yrigoyenismo /cRodolfo Puiggrós. aBuenos Aires, Argentina :bEditorial Galerna,c2006. a224 p. :bil. ;c23 cm.1 aHistoria crítica de los partidos políticos Argentinosv21 aBiblioteca popularaDocumentos 0aHistoria crítica de los partidos políticos Argentinosv2959410 0aBiblioteca popularpDocumentos959411 aBNPD 001050718MOaGRbGRcCTd2011-09-23iLF1l0o p34084-10r2020-06-25w2020-06-25y1ZNo se presta c33575d33575